Welcome to WEB OPAC of MRSPTU Central Library

A textbook of fluid mechanics and hydraulic machines: SI units (Record no. 77)

MARC details
000 -LEADER
fixed length control field 00402nam a2200145Ia 4500
008 - FIXED-LENGTH DATA ELEMENTS--GENERAL INFORMATION
fixed length control field 230711s9999||||xx |||||||||||||| ||und||
041 ## - LANGUAGE CODE
Language code of text/sound track or separate title ENG
082 ## - DEWEY DECIMAL CLASSIFICATION NUMBER
Classification number 620.106
Item number BA-F
100 ## - MAIN ENTRY--PERSONAL NAME
Personal name Bansal ,R.K
245 #2 - TITLE STATEMENT
Title A textbook of fluid mechanics and hydraulic machines: SI units
250 ## - EDITION STATEMENT
Edition statement 9th . Ed.
260 ## - PUBLICATION, DISTRIBUTION, ETC.
Date of publication, distribution, etc. 2008
Place of publication, distribution, etc. New Delhi
Name of publisher, distributor, etc. Laxmi Publications(P) Ltd
650 ## - SUBJECT ADDED ENTRY--TOPICAL TERM
Topical term or geographic name entry element Mechanical Engineering
942 ## - ADDED ENTRY ELEMENTS (KOHA)
Koha item type Book
Holdings
Withdrawn status Lost status Damaged status Not for loan Collection Home library Current library Date acquired Total checkouts Full call number Barcode Date last seen Price effective from Koha item type Date last checked out
          MRSPTU Central Library MRSPTU Central Library     620.106 BA-F 579 08/17/2023 08/17/2023 Book  
          MRSPTU Central Library MRSPTU Central Library   5 620.106 BA-F 580 01/11/2024 08/17/2023 Book 12/01/2023
          MRSPTU Central Library MRSPTU Central Library     620.106 BA-F 581 08/17/2023 08/17/2023 Book  
          MRSPTU Central Library MRSPTU Central Library     620.106 BA-F 582 08/17/2023 08/17/2023 Book  
          MRSPTU Central Library MRSPTU Central Library     620.106 BA-F 17852 08/17/2023 08/17/2023 Book  
          MRSPTU Central Library MRSPTU Central Library   1 620.106 BA-F 17853 09/18/2025 08/17/2023 Book 09/26/2023
          MRSPTU Central Library MRSPTU Central Library     620.106 BA-F 17854 08/17/2023 08/17/2023 Book  
          MRSPTU Central Library MRSPTU Central Library     620.106 BA-F 17855 08/17/2023 08/17/2023 Book  
          MRSPTU Central Library MRSPTU Central Library     620.106 BA-F 17856 08/17/2023 08/17/2023 Book  
          MRSPTU Central Library MRSPTU Central Library     620.106 BA-F 17857 08/17/2023 08/17/2023 Book  
          MRSPTU Central Library MRSPTU Central Library     620.106 BA-F PBB579 08/17/2023 08/17/2023 Book  
          MRSPTU Central Library MRSPTU Central Library     620.106 BA-F PBB580 08/17/2023 08/17/2023 Book  
          MRSPTU Central Library MRSPTU Central Library     620.106 BA-F PBB581 08/17/2023 08/17/2023 Book  
          MRSPTU Central Library MRSPTU Central Library     620.106 BA-F PBB582 08/17/2023 08/17/2023 Book  

Website Designed and Developed by MRSPTU Central Library Team

E-mail Id: librarian@mrsptu.ac.in